[Event "Candidates Tournament"]
[Site "London"]
[Date "2013.03.15"]
[Round "1"]
[White "Svidler, Peter"]
[Black "Kramnik, Vladimir"]
[Result "1/2-1/2"]
[WhiteElo "2747"]
[BlackElo "2810"]
[Annotator "Marin,M"]
[PlyCount "45"]
[EventDate "2013.03.15"]
[EventType "tourn"]
[EventRounds "14"]
[EventCountry "ENG"]
[EventCategory "22"]
[SourceTitle "CBM 154"]
[Source "ChessBase"]
[SourceDate "2013.05.15"]
[SourceVersion "1"]
[SourceVersionDate "2013.05.15"]
[SourceQuality "1"]

1. d4 Nf6 2. c4 e6 3. Nc3 d5 4. cxd5 Nxd5 $5 {This way of sidestepping the
Exchange Variation structures used to be part of the repertoire of the young
Fischer among others. It may transpose to a Semi-Tarrasch, but White can
deviate.} 5. e4 Nxc3 6. bxc3 c5 7. a3 $5 (7. Nf3 cxd4 8. cxd4 Bb4+ 9. Bd2 Bxd2+
10. Qxd2 O-O 11. Bc4 {would lead to the main line of the Semi-Tarrasch. Here
are a few games annotated recently for CBM:} b6 12. O-O Nd7 (12... Bb7 13. Rfe1
Nc6 {Radjabov,T (2744)-Ivanchuk,V (2776) Medias 2011 CBM 143 [Rogozenco] (1/2,
45)}) 13. Rad1 (13. a4 {Leko,P (2720)-Naiditsch,A (2712) Porto Carras 2011 CBM
146 [Krasenkow] (1/2, 36)}) 13... Bb7 14. Rfe1 Rc8 15. Bb3 (15. Bd3 {Van Wely,
L (2686)-Illescas Cordoba,M (2609) Melilla 2011 CBM 146 [RR] (1/2, 60)}) 15...
Qf6 16. Qe3 Rfd8 17. d5 {Kasimdzhanov,R (2678)-Teske,H (2547) Germany 2011 CBM
146 [RR] (1-0, 40)}) 7... cxd4 {In connection with the next move, a
straightforward plan. Black does not wish to live with the permanent threat of
d4-d5 and decides to clear up matters in the centre at once. A more flexible
approach is viable, though, too.} (7... Be7 8. Nf3 O-O 9. Bd3 Nc6 10. Bb2 cxd4
(10... b6 11. O-O cxd4 12. cxd4 Bb7 13. Qe2 Rc8 14. Rad1 Na5 15. d5 $36 {
Bocharov,D (2582)-Mozharov,M (2459)/St Petersburg 2011/CBM 144 Extra (1-0, 26)}
) 11. cxd4 Qa5+ 12. Kf1 (12. Nd2 Bf6 13. e5 Bg5 14. h4 Bxd2+ 15. Qxd2 Qxd2+ 16.
Kxd2 Rd8 17. Ke3 Bd7) 12... b6 13. Qe2 Rd8 14. Kg1 Nb8 $5 (14... Bb7 15. h4 {
[%cal Gh4h5]} Qh5 16. Rh3 Rac8 17. Rg3) 15. Ne5 (15. h4 Ba6 16. d5 exd5 17. Ng5
$44) 15... Ba6 16. Rd1 Qa4 17. d5 $5 exd5 18. exd5 Bxd3 19. Rxd3 Bf6 20. h4 $36
{Vitiugov,N (2733)-Khalifman,A (2627)/Taganrog 2011/CBM 143 (1/2, 41)}) ({
I remember how interesting I found Black's way of transposing to a Grünfeld
type of position in the following game:} 7... Qc7 8. Nf3 Nd7 9. Bb2 g6 10. Bd3
Bg7 11. O-O O-O 12. Qe2 Nb6 {1/2 Prusikin,M (2563)-Kortschnoj,V (2608)/
Pulvermuehle 2006/CBM 112/[Marin] (26)}) 8. cxd4 e5 9. Nf3 ({Blocking the
centre with} 9. d5 {offers Black some stability on the dark squares.} Bd6 10.
Nf3 O-O 11. Be2 Nd7 12. O-O Nc5 13. Nd2 (13. Bb2 {Ivanov,S (2570)-Golod,V 
(2535)/Beersheba 1998/CBM 064/[Golod,V] (1/2, 26)}) 13... Qe7 (13... f5 $5) 14.
f3 Bd7 (14... f5 $5) 15. a4 (15. Nc4 Ba4 16. Qe1 Nb3 17. Nxd6 Qxd6 18. Rb1 Nxc1
19. Qxc1 Rac8 20. Qe3 b6 21. Ba6 Rc5 22. Rfc1 $14 {<->c Since he cannot
maintain the control of the only open file, Black has failed to equalise
completely.}) 15... Rfc8 16. Nc4 Nxa4 17. Rxa4 Bc5+ 18. Kh1 b5 19. Ra6 bxc4 20.
Bxc4 Bd4 $132 {Martinovic,S (2496)-Saric,A (2523)/Zagreb 2012/CBM 147 Extra (1/
2, 38)}) 9... exd4 10. Qxd4 ({Delaying the capture should not offer White
realistic chances:} 10. Bc4 Be7 11. O-O Nc6 12. Bd5 (12. Rb1 O-O 13. Bd5 Bf6
14. Bf4 Re8 {1/2 Lerner,K (2494)-Golod,V (2538)/Ramat Aviv 2004/CBM 102 ext})
12... O-O 13. Bb2 Bf6 14. Re1 (14. Bxc6 bxc6 15. Nxd4 $2 c5 $19) 14... Be6 $6 (
14... Bg4 $1 $11 {seems to have solved the problems at once.}) 15. Bxc6 bxc6
16. Nxd4 Bxd4 {Careless. The ending with four rooks and opposite-coloured
bishops is less safe than Black might have thought.} (16... c5 17. Nxe6 fxe6
18. Qxd8 Rfxd8 19. Bxf6 gxf6 {This looks a bit ugly from a structural point of
view, but the passed c-pawn should spare Black concrete problems.}) 17. Bxd4
Qd6 18. Be3 Qxd1 19. Rexd1 a5 20. Rd6 Rfc8 21. Rc1 h5 22. f4 a4 23. f5 Ba2 24.
Kf2 $36 {Aleksandrov,A (2630)-Rausis,I (2498)/Abu Dhabi 2005/CBM 107 ext (1-0,
41)}) 10... Qxd4 11. Nxd4 Be7 $146 {This looks less active than the previously
played 11...Bc5, but this impression may be false. Kramnik keeps the c-file
open for his rooks and prepares the activation of the bishop with ...Bf6.} ({
I did not find significant problems after} 11... Bc5 {either:} 12. Nb5 Na6 13.
Bc4 (13. Bf4 {1/2 Wojtaszek,R (2733)-Roiz,M (2618)/Eilat 2012/CBM 151/[Roiz,M]
(85)}) 13... O-O 14. O-O Be6 15. Bd5 Bxd5 16. exd5 Rad8 17. Rd1 Rfe8 $132 {
Nisipeanu,L (2677)-Naiditsch,A (2706)/Deizisau 2013/ (1/2, 47)}) 12. Be3 ({
Actually White could try} 12. Nb5 {with similar ideas as above even if the
knight is not attacked.} Na6 13. Bc4 O-O 14. O-O Bd7 15. Be3 Rac8 16. Rfd1 Rfd8
17. Bf1 {Both sides have centralised their pieces and Black has to give up the
bishop pair.} Bxb5 18. Bxb5 Nc5 ({The straightforward} 18... Rxd1+ 19. Rxd1
Bxa3 {fails to annihilate the bishop pair:} 20. Bxa7 Nc5 21. f3 Ne6 22. Kf1 Bc5
23. Rc1 $1 Rc7 24. Bb8 $1 Rc8 25. Bg3 b6 {True, Black is relatively stable,
but the main line leads to a better version of it.}) 19. f3 b6 20. a4 Ne6 {
[%cal Ge7c5]}) 12... O-O 13. Bc4 Nd7 14. Ke2 Nb6 15. Bb3 Bd7 {Black keeps
developing his pieces on what do not seem the most active squares, but there
is hidden flexibility in his play.} 16. Nf5 {Moving away from the centre
allows Black to activate both his bishops.} (16. Rhc1 Rfc8 17. Nf5 Bb5+ 18. Kf3
Bf8 {allows Black to regroup perfectly.}) (16. a4 $5 {might have posed more
problems:} Rac8 17. Rab1 $5 {an effective way of parrying ...Nc4 and keeping
the a4-pawn indirectly defended.} Bxa4 18. Bxa4 Nxa4 19. Rxb7 $14) 16... Bf6
17. Rab1 Rfd8 18. Rhc1 Bb5+ 19. Kf3 Bd3 20. Bc2 Ba6 21. Bb3 {There is nothing
more active than this.} Bd3 22. Bc2 Ba6 23. Bb3 1/2-1/2

[Event "Candidates Tournament"]
[Site "London"]
[Date "2013.03.16"]
[Round "2"]
[White "Aronian, Levon"]
[Black "Gelfand, Boris"]
[Result "1-0"]
[WhiteElo "2809"]
[BlackElo "2740"]
[Annotator "Marin,M"]
[PlyCount "69"]
[EventDate "2013.03.15"]
[EventType "tourn"]
[EventRounds "14"]
[EventCountry "ENG"]
[EventCategory "22"]
[SourceTitle "CBM 154"]
[Source "ChessBase"]
[SourceDate "2013.05.15"]
[SourceVersion "1"]
[SourceVersionDate "2013.05.15"]
[SourceQuality "1"]

1. Nf3 c5 2. c4 Nc6 3. Nc3 g6 4. e3 Nf6 5. d4 cxd4 6. exd4 d5 7. cxd5 Nxd5 8.
Qb3 Nxc3 9. Bc4 Nd5 10. Bxd5 e6 11. Bxc6+ bxc6 12. O-O Be7 $5 {Gelfand's
specialty.} ({The main line is} 12... Qd5 {, although play can transpose, of
course.}) 13. Be3 $146 (13. Bf4 Qd5 14. Qxd5 cxd5 15. Ne5 f6 16. Nc6 Bd7 17.
Rfc1 g5 18. Bg3 h5 19. h4 gxh4 20. Bxh4 Bxc6 21. Rxc6 Kd7 22. Rac1 Rhc8 {
Jakovenko,D (2732)-Gelfand,B (2736)/Eilat 2012/CBM 151 (1/2, 50)}) 13... Qd5
14. Rfc1 Qxb3 15. axb3 Bb7 16. Ne5 O-O 17. Ra4 Rfd8 18. Nc4 Bf6 19. Na5 Rd7 20.
Rb4 Ba6 21. Nxc6 Rb7 22. h3 Kg7 23. Rxb7 Bxb7 24. Ne5 Bd8 25. b4 $14 {/=} Rc8
$2 26. Bh6+ $1 Kg8 (26... Kf6 27. Bg5+ $1) 27. Rxc8 Bxc8 28. Nc6 Bf6 29. b5 Bd7
30. g4 {Black is in big trouble. There is not enough space for his f6-bishop
on the long diagonal (...Bh8 would allow mate with Ne7#) and the a7-pawn is in
danger.} g5 (30... a6 31. g5 axb5 32. Nb8 $18) 31. h4 gxh4 32. g5 Bxc6 (32...
Bg7 33. Bxg7 Kxg7 34. Nxa7 $18 {After the exchange of bishops, there is no
longer any need to keep the d4-pawn defended.}) 33. bxc6 Bd8 34. Kg2 Bc7 35.
Kh3 1-0

[Event "Candidates Tournament"]
[Site "London"]
[Date "2013.03.16"]
[Round "2"]
[White "Carlsen, Magnus"]
[Black "Kramnik, Vladimir"]
[Result "1/2-1/2"]
[WhiteElo "2872"]
[BlackElo "2810"]
[PlyCount "60"]
[EventDate "2013.03.15"]
[EventType "tourn"]
[EventRounds "14"]
[EventCountry "ENG"]
[EventCategory "22"]
[SourceTitle "CBM 154"]
[Source "ChessBase"]
[SourceDate "2013.05.15"]
[SourceVersion "1"]
[SourceVersionDate "2013.05.15"]
[SourceQuality "1"]

1. c4 c5 2. Nf3 Nc6 3. d4 cxd4 4. Nxd4 Nf6 5. Nc3 e6 6. Bf4 d5 7. e3 (7. Ndb5 {
transposes to a line that used to be fashionable a few decades ago; in recent
years we had Nakamura,H (2775)-Kramnik,V (2801)/Moscow 2012/CBM 149/[Marin,M] 
(1/2, 40)}) 7... Bb4 8. Be2 dxc4 $146 (8... O-O {Zhigalko,A (2589)-Vachier
Lagrave,M (2711)/Warsaw 2012/ (0-1, 69)}) 9. Nxc6 Qxd1+ 10. Rxd1 bxc6 11. Bxc4
Nd5 12. O-O Nxf4 13. exf4 Bxc3 14. bxc3 Ke7 15. Rb1 Bd7 16. Rb7 Rhb8 17. Rfb1
Rxb7 18. Rxb7 a5 19. Bd3 h6 20. h4 Kd8 21. Kf1 Kc8 22. Rb1 Rb8 23. Rxb8+ Kxb8
24. Ke2 Kc7 25. Ke3 Kd6 26. Kd4 c5+ 27. Ke3 Bc6 28. g3 f6 29. a3 e5 30. fxe5+
Kxe5 1/2-1/2

[Event "Candidates Tournament"]
[Site "London"]
[Date "2013.03.16"]
[Round "2"]
[White "Grischuk, Alexander"]
[Black "Svidler, Peter"]
[Result "1/2-1/2"]
[WhiteElo "2764"]
[BlackElo "2747"]
[Annotator "Szabo,Kr"]
[PlyCount "81"]
[EventDate "2013.03.15"]
[EventType "tourn"]
[EventRounds "14"]
[EventCountry "ENG"]
[EventCategory "22"]
[SourceTitle "CBM 154"]
[Source "ChessBase"]
[SourceDate "2013.05.15"]
[SourceVersion "1"]
[SourceVersionDate "2013.05.15"]
[SourceQuality "1"]

1. e4 e5 2. Nf3 Nc6 3. Bb5 a6 4. Ba4 Nf6 5. O-O Be7 6. Re1 b5 7. Bb3 O-O 8. a4
{A perfectly reasonable way of avoiding the Marshall attack, in which Svidler
is a great expert.} b4 9. d4 (9. d3 {is the more positional main line.}) 9...
d6 10. dxe5 dxe5 (10... Nxe5 {is also a playable alternative.}) 11. Nbd2 {
An ambitious move. Grischuk avoids the exchange of Q.} ({On the other hand} 11.
Qxd8 {is more popular} Rxd8 12. Bg5 ({or} 12. Nbd2 {and White can hope for
some small advantage thanks to the weak c4-square, but in most games Black was
able to hold the position.})) 11... Bc5 {A perfectly reasonable way of
avoiding the Marshall attack, in which Svidler is a great expert.} 12. Qe2 Qe7
13. Nc4 $146 {A logical novelty. The N immediately occupies the weak c4 square,
from where it can move to e3 at a good moment.} (13. a5 Rd8 14. Bc4 Nd4 15.
Nxd4 Bxd4 {Black easily equalised in Ivanovic-Spassky, Bugojno 1982.}) (13. Bd5
{looks more attractive; this happened in a correspondence game, but} Nxd5 14.
exd5 Nd4 15. Nxd4 Bxd4 16. Nb3 Qd6 17. Nxd4 exd4 18. Qe4 Bb7 {and draw was
agreed soon, Helmreich-Miciak, corr 2009.}) 13... Bg4 {Threatening with Nd4,
so the next move is forced.} 14. c3 bxc3 15. bxc3 h6 16. Bc2 ({The natural} 16.
h3 {is an interesting alternative, but probably Grischuk wanted to win a tempo
with Ne3.} Be6 (16... Bh5 $6 17. Ne3 Na5 18. Nf5 $36) 17. Bc2 Nd7 18. Ne3 Rfb8
19. Nd5 Qd8 20. Rd1 Na5 $132) 16... Qe6 (16... Nh5 {was also possible followed
by Qf6 and Nf4.} {The unsuspecting} 17. h3 $6 {could have been met by} Ng3 $1
18. Qd1 Rad8 $36 {with a strong initiative.}) 17. Ne3 Bxe3 (17... Rfd8 $5 {
is an interesting alternative. Black gives up his strong g4 B} 18. Nxg4 Nxg4
19. Rf1 Na5 20. h3 Nf6 $13 {but Black has also a comfortable position.}) 18.
Qxe3 {White has gained the pair of B, but thanks to the closed centre, it
doesn't give an advantage to White.} ({After} 18. Bxe3 {the pin can be a
little bit unpleasant for White.} Rfd8 19. h3 Bh5 20. Rad1 Na5 21. Rxd8+ Rxd8
22. Rd1 Re8 $11) 18... Na5 ({The immediate} 18... Bxf3 {also deserved
attention to avoid the Nd2.} 19. Qxf3 Na5 20. Ba3 Rfd8 21. Bb4 Nc4 ({or} 21...
Nc6) 22. Bb3 Qc6 {and Black can easily hold the position.}) 19. Nd2 Qc6 {
An important move.} ({In the event of} 19... Rfd8 $6 {White can play} 20. h3 $1
{and the B will be out of play.} Bh5 21. Qc5 $14 {White has some initiative.})
20. h3 Be6 {Now Black has under control the a2-g8 diagonal and the c4 square
too. His chanches are not worse.} 21. Qg3 (21. Ba3 Rfe8 (21... Rfb8 $5) 22. Bb4
Nc4 23. Nxc4 Bxc4 24. a5 Nh5 $13 {with some play.}) 21... Nd7 22. Rb1 (22. Ba3
Rfe8 23. Bb4 Nc4 {similar to the previous line.}) 22... Rfb8 23. Ba3 (23. Nf3 {
could be a tricky option, but after} Bb3 $1 (23... Rxb1 $6 24. Bxb1 $16 {
White wins a P.}) 24. Bd3 (24. Bxb3 Rxb3 25. Rxb3 Nxb3 26. Nxe5 Nxe5 27. Qxe5
Re8 $132 {and Black gets back the material.}) 24... Bc4 {forces to exchange
the B.}) 23... Nc4 24. Nxc4 Qxc4 25. Bb4 a5 {The following moves are forced:}
26. Bd3 Qa2 27. Ra1 Qd2 28. Red1 Qf4 29. Qxf4 exf4 {After the exchange of Qs
it is White who has to play some exact moves to equalise the position, however
for a great player as Grischuk, it is not a big task.} 30. Be7 Re8 31. Ba3 Bb3
32. Bb5 $1 Bxd1 33. Bxd7 (33. Rxd1 {is also leads to a draw after} Nb6 34. Bxe8
Rxe8 35. Rd4 $11) 33... Bc2 34. Bxe8 Rxe8 $11 {We have reached an endgame with
opposite colourod B with same material. The rest is an easy draw.} 35. f3 Rd8
$11 {We have reached an endgame with opposite colourod B with same material.
The rest is an easy draw.} 36. Be7 Rd7 37. Bh4 g5 38. Be1 Rd1 39. Rxd1 Bxd1 40.
c4 Bxa4 41. Bxa5 1/2-1/2

[Event "Candidates Tournament"]
[Site "London"]
[Date "2013.03.17"]
[Round "3"]
[White "Gelfand, Boris"]
[Black "Carlsen, Magnus"]
[Result "0-1"]
[WhiteElo "2740"]
[BlackElo "2872"]
[Annotator "Postny,E"]
[PlyCount "114"]
[EventDate "2013.03.15"]
[EventType "tourn"]
[EventRounds "14"]
[EventCountry "ENG"]
[EventCategory "22"]
[SourceTitle "CBM 154"]
[Source "ChessBase"]
[SourceDate "2013.05.15"]
[SourceVersion "1"]
[SourceVersionDate "2013.05.15"]
[SourceQuality "1"]

1. d4 Nf6 2. c4 e6 3. Nf3 d5 4. Nc3 Nbd7 5. Bg5 c6 6. e3 Qa5 7. cxd5 (7. Nd2 {
used to be the main line, but recently Black has been doing well after} Bb4 8.
Qc2 O-O 9. Be2 c5) 7... Nxd5 (7... exd5 {leads to Carlsbad structure where the
queen on a5 is doing nothing.}) 8. Rc1 {This move is relatively rare.} (8. Qd2
{is the main continuation.} Bb4 9. Rc1 h6 10. Bh4 {This position has been
defended mainly by grandmasters Alexei Shirov and Alexey Dreev. Here is one
recent example:} b6 11. a3 Bxc3 12. bxc3 c5 13. c4 Qxd2+ 14. Nxd2 Ne7 15. f3
Ba6 16. Be2 cxd4 17. exd4 Rc8 18. O-O Nf5 19. Bf2 O-O 20. Rfd1 Rfd8 21. g4 Ne7
$11 {1/2-1/2 (31) Potkin,V (2663)-Dreev,A (2677) Eilat 2012}) 8... Nxc3 9. bxc3
Ba3 (9... Qxa2 10. Bd3 Bd6 11. O-O Qa5 ({Black must be careful:} 11... O-O $2
12. Ra1 Qb2 13. Bxh7+ $1 Kxh7 14. Qd3+ Kg8 15. Rfb1 $18 {[%csl Rb2]}) 12. c4 {
with good compensation for the pawn.}) 10. Rc2 b6 {Preparing the favourable
exchange of the light-squared bishops.} 11. Bd3 Ba6 12. O-O Bxd3 13. Qxd3 O-O (
13... h6 14. Bh4 O-O 15. c4 Rfe8 16. e4 (16. Rd1 $5) 16... e5 17. d5 Nc5 18.
Qe2 Qa4 $11 {1/2-1/2 (38) Malakhatko,V (2548)-Michiels,B (2489) Antwerp 2011})
14. e4 {I think the plan adopted by Boris is not the best.} (14. c4 h6 15. Bf4
(15. Bh4 Rfe8 16. Rd1 {is another option. Then White can put his bishop on g3,
preventing the advance e6-e5.}) 15... Rad8 16. Rb1 Rfe8 17. Bc7 (17. c5 $2 e5)
17... Rc8 18. Bg3 Rcd8 19. c5 $1 Nxc5 20. Qc3 Ne4 21. Qxa5 bxa5 22. Rxc6 $14)
14... Rfe8 15. e5 $6 {This is a committal decision. White doesn't really have
chances for an attack on the kingside. Meanwhile, the move in the text weakens
the light squares.} ({In the event of} 15. c4 $6 e5 16. d5 Nc5 {Black will get
a nice square for his knight.}) (15. Bf4 {would be preferable.}) 15... h6 16.
Bh4 c5 17. Nd2 cxd4 18. cxd4 Rac8 $1 {The structure is now favourable for
Black. So, it's up to White to prove something.} 19. Nc4 Qb5 {Black doesn't
lose a piece.} ({Of course, not} 19... Qa6 $4 20. Qxa3 $18 {[%csl Ra6]}) 20. f4
Rc7 21. Qxa3 {White has to release the pressure before Black doubles the rooks
along the c-file.} (21. f5 Rec8 22. fxe6 fxe6 23. Qxa3 Rxc4 24. Rxc4 Qxc4 $15)
21... Rxc4 22. Rxc4 Qxc4 23. Bf2 {[%csl Ra7]} Qc7 {Black has to spend a move
on protecting the Pa7, so White seizes the c-file.} 24. Rc1 Qb7 25. Qd6 {
White's position looks very active, but he has no objects to attack.} ({
From the practical point of view it was preferable to swap queens:} 25. Qf3 $5
Qxf3 26. gxf3 {White's pawn structure has been spoiled, but the rook is going
to penetrate to c7. The position is balanced. For instance:} Nf8 27. Rc7 Ng6
28. f5 exf5 29. Rxa7) 25... Nf8 26. g3 ({After} 26. Qc7 Qa6 {the black queen
becomes active.}) 26... Rc8 27. Rxc8 Qxc8 28. d5 {White should get rid of this
pawn.} exd5 29. Qxd5 g6 30. Kg2 Ne6 {The position is very close to equality,
but White is the one who has to play accurately. The well-known duo queen +
knight might cause the white king some troubles.} 31. Qf3 Kg7 32. a3 h5 33. h4
$1 {Seemingly illogical, placing the pawns on the same colour as the bishop,
but preventing the possibility of h5-h4 which could weaken the Pf4.} Qc2 34.
Qb7 Qa4 35. Qf3 b5 {Sooner or later Black is going to organise a passed pawn
on the queenside.} 36. f5 {With must hurry up with his counterplay against the
black monarch.} gxf5 37. Qxf5 Qxa3 38. Qxh5 a5 39. Qg4+ Kf8 40. h5 $2 {The
decisive mistake.} (40. Qh5 Qc3 41. Qh8+ Ke7 42. Qf6+ Ke8 43. Qh8+ Kd7 {
Otherwise it's a perpetual check.} 44. Qf6 Qc6+ 45. Kg1 Nd8 46. e6+ $1 Qxe6 47.
Qg5 {[%csl Gh4] White is not worse as his h-pawn is also very dangerous.})
40... Qc1 $1 {Preventing the further advance of White's h-pawn.} 41. Qe4 b4 42.
Be3 Qc7 (42... Qc8 {was also strong} 43. h6 b3 $19 {[%cal Gc8c2]}) 43. Qa8+ Kg7
44. h6+ Kh7 45. Qe4+ Kg8 46. Qa8+ Qd8 {No perpetual check.} 47. Qxd8+ (47. Qf3
Qd3 48. Qg4+ Kh7 {is also hopeless for White.}) 47... Nxd8 48. Kf3 a4 49. Ke4
Nc6 50. Bc1 Na5 $1 51. Bd2 b3 52. Kd3 Nc4 $1 {The knight assists the passed
pawns very effectively.} 53. Bc3 a3 54. g4 Kh7 55. g5 Kg6 56. Bd4 b2 57. Kc2
Nd2 {White has to give up a piece, so he resigned.} 0-1

[Event "Candidates Tournament"]
[Site "London"]
[Date "2013.03.17"]
[Round "3"]
[White "Kramnik, Vladimir"]
[Black "Grischuk, Alexander"]
[Result "1/2-1/2"]
[WhiteElo "2810"]
[BlackElo "2764"]
[Annotator "Krasenkow,M"]
[PlyCount "69"]
[EventDate "2013.03.15"]
[EventType "tourn"]
[EventRounds "14"]
[EventCountry "ENG"]
[EventCategory "22"]
[SourceTitle "CBM 154"]
[Source "ChessBase"]
[SourceDate "2013.05.15"]
[SourceVersion "1"]
[SourceVersionDate "2013.05.15"]
[SourceQuality "1"]

1. d4 Nf6 2. c4 g6 3. g3 Bg7 4. Bg2 d5 5. cxd5 Nxd5 6. Nf3 Nb6 7. Nc3 Nc6 8. e3
O-O 9. O-O Re8 10. h3 e5 11. d5 Na5 12. Qc2 $5 $146 {[%mdl 8] A novelty in a
well-known position.} (12. e4 {and}) (12. Nd2 {are theoretical lines.}) 12...
c6 (12... Nxd5 $2 {is impossible due to} 13. Rd1 c6 14. e4) (12... e4 13. Nxe4
Qxd5 14. Nd4 $1 {looks risky}) 13. b4 Nac4 14. dxc6 bxc6 {White has worsened
his opponent's pawn structure; now he must cope with Black's active pieces.}
15. Rd1 Qe7 16. Nd2 $1 Bf5 17. Nce4 Rad8 (17... Qxb4 18. a3 Qc5 19. g4 Bxe4 20.
Nxe4 Qe7 21. a4 $16 {(E.Gleizerov)}) (17... Red8 $5 18. a3 Rac8) 18. a3 h5 (
18... Be6 19. Nxc4 Rxd1+ 20. Qxd1 Bxc4 {[%cal Ye8d8,Yc4d5]} 21. Bb2 $14) 19.
Nxc4 Rxd1+ 20. Qxd1 Nxc4 21. Ra2 Rd8 22. Qf1 Nd6 23. Nc5 {White has
consolidated his position.} Nb5 $1 {[%mdl 512] An excellent decision. Black
doesn't want to passively defend his c6-pawn and decides to sacrifice it for
activity.} (23... e4 24. Rd2 $14) (23... Qc7 24. e4 Bc8 25. a4 $14) 24. Bxc6
Nc3 25. Rd2 Rxd2 26. Bxd2 Qd6 $1 27. Bxc3 Qxc6 {Black has got a bishop pair
and an option to trade his dark-squared bishop for the opponent's knight (e.g.
by means of ...Bg7-f8), which leads to opposite-coloured bishops and a
probable draw.} 28. Qg2 {Otherwise 28...Qf3, e.g.} (28. Kh2 Qf3 29. a4 Bf8 30.
Bxe5 a5 31. Qg2 Qxg2+ 32. Kxg2 axb4 33. Bd4 Bxc5 34. Bxc5 b3 35. Bd4 {(S.
Shipov)} Kf8 36. a5 Bc8 37. h4 Ke7 38. Kf3 Kd6 {should be a draw.}) 28... Qd6
$1 29. e4 Qd1+ 30. Kh2 Bc8 31. f3 Qc1 (31... h4 $44 {(E.Gleizerov) was
possible, too.}) 32. Qd2 (32. Bb2 $6 Qe3) 32... Qf1 33. Qg2 Qc1 34. Qd2 Qf1 35.
Qg2 1/2-1/2